Bank Specific, Industry Specific and Macroeconomic Determinants of Bank Efficiency in Euro Area

Nákladová a zisková efektívnosť bankového sektora v 17 členských štátoch eurozóny v období od roku 1999 do roku 2012. Vzťah medzi environmentálnou premennou a úrovňou bankových nákladov a efektívnosťou zisku v eurozóne. Zovšeobecnená metóda okamihu (GMM). Pozitívne a negatívne faktory ovplyvňujúce n...

Descrizione completa

Salvato in:
Dettagli Bibliografici
Autore principale: Rajabi, Ehsan
Altri autori: Sherafatian-Jahromi, Reza
Natura: Capitolo di libro
Lingua:inglese
Soggetti:
Tags: Aggiungi Tag
Nessun Tag, puoi essere il primo ad aggiungerne!!

MARC

LEADER 00000naa a2200000 4500
001 0268491
005 20210201114707.3
041 0 |a eng 
044 |a CZ 
245 1 0 |a Bank Specific, Industry Specific and Macroeconomic Determinants of Bank Efficiency in Euro Area  |c Ehsan Rajabi, Reza Sherafatian-Jahromi 
520 |a Nákladová a zisková efektívnosť bankového sektora v 17 členských štátoch eurozóny v období od roku 1999 do roku 2012. Vzťah medzi environmentálnou premennou a úrovňou bankových nákladov a efektívnosťou zisku v eurozóne. Zovšeobecnená metóda okamihu (GMM). Pozitívne a negatívne faktory ovplyvňujúce nákladovú a ziskovú efektívnosť bánk. Hustota obyvateľstva, banková činnosť, činnosť správy úverov a ziskovosť, finančné prehlbovanie a rozširovanie bankovej siete. 
610 2 0 |a banky 
610 2 0 |a makroekonomika 
610 2 0 |a efektívnosť 
610 2 0 |a zisk 
610 2 0 |a náklady 
610 2 0 |a eurozóna 
100 1 |a Rajabi, Ehsan 
700 1 |a Sherafatian-Jahromi, Reza